Rulers of Westeros (The Stormlands) - Statistics

General Stats
  • This quiz has been taken 58 times
  • The average score is 17 of 32
Answer Stats
Ruler % Correct
{Durran} Durrandon (Bronze-Axe)
90%
{Durran} Durrandon (the Dour)
90%
{Durran} Durrandon (the Fair)
90%
{Durran} Durrandon (the Ravenfriend)
90%
{Durran} Durrandon (the Third)
90%
{Durran} Durrandon (the Young)
90%
{Durran} II Durrandon (the Devout)
90%
{Durran} X Durrandon
90%
{Durran} XI Durrandon (the Dim)
90%
{Durran} XXI Durrandon
90%
{Durran} XXIV Durrandon (Half-Blood)
90%
{Lyonel} Baratheon (the Laughing Storm)
71%
{Argilac} Durrandon (the Arrogant)
67%
{Argella} Durrandon
45%
{Arrec} Durrandon
43%
{Erich} III Durrandon (the Sailmaker)
38%
{Erich} VII Durrandon (the Unready)
38%
{Ormund} III Durrandon
36%
{Arlan} I Durrandon (the Avenger)
33%
{Arlan} III Durrandon
33%
{Arlan} V Durrandon
33%
{Durwald} I Durrandon (the Fat)
33%
{Monfryd} I Durrandon (the Mighty)
31%
{Monfryd} V Durrandon
31%
{Ronard} Storm (the Bastard)
31%
{Baldric} I Durrandon (the Cunning)
29%
{Barron} Durrandon (the Beautiful)
29%
{Morden} II Durrandon
29%
{Cleoden} I Durrandon
26%
{Qarlton} II Durrandon (the Conqueror)
26%
{Qarlton} III Durrandon
26%
{Maldon} IV Durrandon
24%
No matching quizzes found
Score Distribution
Percent of People with Each Score
Percentile by Number Answered
Your Score History
You have not taken this quiz